000
00258nam a22001211a 4500
999
_c
164074
_d
164074
082
_a
M2
_b
BHA/O
100
_a
Bhasan
245
_a
Oorubhangam/
_c
by Bhasan
260
_b
_c
_a
650
_a
Drama Malayalam
650
_a
Literature Malayalam
942
_c
BK